[Event "III Miedzynarodowy Memorial Ireny Warakomskiej - Open C"]
[Site "Suwalki"]
[Date "2019.08.12"]
[Round "4.7"]
[White "Tomicki, Marek "]
[Black "Kaminski, Lukasz "]
[Result "1/2-1/2"]
[WhiteTitle ""]
[BlackTitle ""]
[WhiteElo "1471"]
[BlackElo "1425"]

1. d4 d5 2. c4 Nf6 3. e3 e6 4. Nf3 c5 5. Nc3 Nc6 6. Be2 Be7 7. O-O O-O 8. cxd5
exd5 9. dxc5 Bxc5 10. a3 d4 11. exd4 Nxd4 12. Nxd4 Qxd4 13. Qxd4 Bxd4 14. Nb5
Bb6 15. Bf4 Bd7 16. Nd6 Bc6 17. b4 a6 18. a4 Nd5 19. Bd2 Bc7 20. Nf5 Be5 21. Ra3
g6 22. Nh4 Kg7 23. Bg4 Bf4 24. Bxf4 Nxf4 25. Bf3 Bxf3 26. Rxf3 Ne6 27. Kh1 Rfe8
28. Rb3 Rac8 29. h3 1/2-1/2

[Event "III Miedzynarodowy Memorial Ireny Warakomskiej - Open C"]
[Site "Suwalki"]
[Date "2019.08.12"]
[Round "4.8"]
[White "Werner, Kacper "]
[Black "Fudala, Dominik"]
[Result "1/2-1/2"]
[WhiteTitle ""]
[BlackTitle ""]
[WhiteElo "1435"]
[BlackElo "1470"]

1. e4 e6 2. d4 d5 3. exd5 exd5 4. Nf3 Bd6 5. Bd3 Ne7 6. O-O O-O 7. c3 Bf5 8. Qc2
Bxd3 9. Qxd3 c6 10. Re1 Nd7 11. Nbd2 Ng6 12. Nf1 Qc7 13. Ng3 Rfe8 14. Bd2 h6 15.
Rxe8+ Rxe8 16. Re1 Qd8 17. Rxe8+ Qxe8 18. Qe2 Qxe2 19. Nxe2 Nf6 20. Be3 Ng4 21.
Bd2 Kf8 22. h3 Nf6 23. Be3 Ke8 24. Ne1 Kd7 25. Nd3 b6 26. f3 Ne8 27. Kf2 Nc7 28.
Bc1 1/2-1/2

[Event "III Miedzynarodowy Memorial Ireny Warakomskiej - Open C"]
[Site "Suwalki"]
[Date "2019.08.12"]
[Round "4.9"]
[White "Stefaniuk, Zbigniew"]
[Black "Cwiek, Stefan"]
[Result "1-0"]
[WhiteTitle ""]
[BlackTitle ""]
[WhiteElo "1467"]
[BlackElo "1365"]

1. e4 e5 2. Nf3 Nc6 3. Bb5 Nge7 4. O-O g6 5. c3 Bg7 6. d4 exd4 7. cxd4 O-O 8. d5
Ne5 9. Nxe5 Bxe5 10. Nc3 d6 11. Bh6 Bg7 12. Bxg7 Kxg7 13. Qd4+ f6 14. f4 Bd7 15.
Bd3 c5 16. Qe3 Qc7 17. Rac1 c4 18. Be2 b5 19. b3 Qa5 20. bxc4 bxc4 21. Bxc4 Nc8
1-0

[Event "III Miedzynarodowy Memorial Ireny Warakomskiej - Open C"]
[Site "Suwalki"]
[Date "2019.08.12"]
[Round "4.10"]
[White "Hancharevich, Heorhi "]
[Black "Wojdak, Karol"]
[Result "1-0"]
[WhiteTitle ""]
[BlackTitle ""]
[WhiteElo "1360"]
[BlackElo "1457"]

1. e4 e5 2. Nf3 Nc6 3. d4 exd4 4. Bc4 Nf6 5. e5 d5 6. Bb5 Ne4 7. Nxd4 Bd7 8. Bxc6
bxc6 9. O-O Be7 10. f3 Ng5 11. f4 Ne4 12. Nd2 Nxd2 13. Bxd2 c5 14. Ne2 d4 15.
Ng3 g6 16. f5 gxf5 17. Nxf5 Bxf5 18. Rxf5 Qd5 19. Qg4 Qe6 20. Raf1 O-O-O 21. Qe4
Rd5 22. Rxf7 Rxe5 23. Qa8+ Kd7 24. Qxh8 Re2 25. Bg5 Qg4 26. Rxe7+ Rxe7 27. Bxe7
1-0

[Event "III Miedzynarodowy Memorial Ireny Warakomskiej - Open C"]
[Site "Suwalki"]
[Date "2019.08.12"]
[Round "4.11"]
[White "Kieca, Aleksandra"]
[Black "Pojawa, Jakub"]
[Result "1/2-1/2"]
[WhiteTitle ""]
[BlackTitle ""]
[WhiteElo "1453"]
[BlackElo "1191"]

1. d4 d5 2. Nf3 Nf6 3. e3 e6 4. Bd3 c5 5. b3 Nc6 6. Bb2 Bd7 7. Nbd2 Be7 8. a3 a6
9. O-O O-O 10. Ne5 b5 11. Nxc6 Bxc6 12. c4 Rb8 13. Qc2 cxd4 14. Bxd4 h6 15. Rfc1
Rc8 16. Qd1 bxc4 17. bxc4 dxc4 18. Bxc4 Bb5 19. Bxb5 Rxc1 20. Qxc1 axb5 21. Qb2
Qd7 22. Nf3 Ra8 23. Ne5 Qd6 24. Qxb5 Rxa3 25. Rb1 Ra8 26. Qb7 Re8 27. h3 Nd5 28.
Qb5 Rc8 29. Ng4 Qc6 30. Qb2 Qc2 31. Qxc2 Rxc2 32. Rb8+ Kh7 33. Rb7 Rc1+ 34. Kh2
Bd6+ 35. Be5 Rc7 36. Rxc7 Bxc7 37. e4 Bxe5+ 38. Nxe5 Nc3 39. Nxf7 Nxe4 40. f3
Nc5 41. Kg3 Kg6 42. Nd6 Kf6 43. Nc4 g6 44. h4 h5 45. Kf4 Nd3+ 46. Ke3 Ne1 47.
g3 Nc2+ 48. Ke4 g5 49. hxg5+ Kxg5 50. Ne5 Nb4 51. f4+ Kf6 52. Nd7+ Ke7 53. Ne5
Kf6 54. Nf3 Nc6 55. Nh4 1/2-1/2

[Event "III Miedzynarodowy Memorial Ireny Warakomskiej - Open C"]
[Site "Suwalki"]
[Date "2019.08.12"]
[Round "4.12"]
[White "Szczotka, Matylda"]
[Black "Wojtacha, Krzysztof"]
[Result "1-0"]
[WhiteTitle ""]
[BlackTitle ""]
[WhiteElo "1298"]
[BlackElo "1446"]

1. e4 c5 2. Nf3 e6 3. d4 cxd4 4. Nxd4 a6 5. Bd3 Nf6 6. O-O Qc7 7. Nc3 b5 8. Kh1
Bb7 9. Qe1 d6 10. a3 Nbd7 11. f4 Be7 12. Bd2 O-O 13. Qg3 Qb6 14. Rae1 Nc5 15.
Bc1 Na4 16. Qh3 Nc5 17. b3 e5 18. Ndxb5 axb5 19. Nxb5 Qc6 1-0

[Event "III Miedzynarodowy Memorial Ireny Warakomskiej - Open C"]
[Site "Suwalki"]
[Date "2019.08.12"]
[Round "4.13"]
[White "Businski, Karol"]
[Black "Zmarzly, Wiktor"]
[Result "0-1"]
[WhiteTitle ""]
[BlackTitle ""]
[WhiteElo "1441"]
[BlackElo "1285"]

1. e4 c5 2. Nf3 Nc6 3. d4 cxd4 4. Nxd4 Nf6 5. Nc3 d6 6. Bg5 Qb6 7. Bxf6 gxf6 8.
Nd5 Qxd4 9. Nc7+ Kd8 10. Nxa8 Qxd1+ 11. Kxd1 b6 12. c3 Bb7 13. Nxb6 axb6 14. f4
Bh6 15. g3 e5 16. f5 Ne7 17. Bd3 Nxf5 18. Ke2 Ne3 19. a4 f5 20. a5 fxe4 21. Bb5
Nc2 22. Ra4 bxa5 23. Rxa5 Kc7 24. Rf1 Kb6 25. b4 Rc8 26. Rf6 Bf8 27. Rxf7 Rxc3
28. Be8 Nd4+ 29. Ke1 Rc1+ 30. Kf2 Bh6 0-1

[Event "III Miedzynarodowy Memorial Ireny Warakomskiej - Open C"]
[Site "Suwalki"]
[Date "2019.08.12"]
[Round "4.14"]
[White "Borowik, Monika"]
[Black "Bednarska, Julita"]
[Result "0-1"]
[WhiteTitle ""]
[BlackTitle ""]
[WhiteElo "1216"]
[BlackElo "1436"]

1. e4 e5 2. Nf3 Nc6 3. Bb5 a6 4. Ba4 Nf6 5. Nc3 d6 6. d3 b5 7. Bb3 Be7 8. Bg5 h6
9. Bxf6 Bxf6 10. Bd5 Bb7 11. Ne2 Rb8 12. Ng3 O-O 13. O-O Ne7 14. Bb3 c5 15. c4
Nc6 16. cxb5 axb5 17. Nf5 Ne7 18. Ne3 Qd7 19. a4 bxa4 20. Bxa4 Bc6 21. Nc4 Bxa4
22. Rxa4 Nc6 23. Ra2 Nb4 24. Ra1 Be7 25. Ne1 Qb7 26. f4 exf4 27. Rxf4 d5 28. Nd2
dxe4 29. Nxe4 Nd5 30. Rf2 Nf6 31. Nxf6+ Bxf6 32. Qg4 Bd4 33. Rb1 Bxf2+ 34. Kxf2
Qb6 35. Qc4 Qf6+ 36. Nf3 Rxb2+ 37. Rxb2 Qxb2+ 38. Kg1 Qb6 39. Ne5 Qd6 40. Qc3
Re8 41. Nf3 Re3 42. Ne1 c4 43. Kf2 Qf4+ 44. Kg1 cxd3 45. Nxd3 Qe4 46. Qc8+ Kh7
47. Qc2 Qxd3 48. Qc1 Qe2 49. Qb1+ g6 50. Qf1 Qxf1+ 51. Kxf1 Rb3 0-1

[Event "III Miedzynarodowy Memorial Ireny Warakomskiej - Open C"]
[Site "Suwalki"]
[Date "2019.08.12"]
[Round "4.15"]
[White "Bartnik, Michal"]
[Black "Szczygiel, Antoni"]
[Result "1-0"]
[WhiteTitle ""]
[BlackTitle ""]
[WhiteElo "1210"]
[BlackElo "1393"]

1. e4 d6 2. d4 Nf6 3. Nc3 g6 4. Nf3 Bg7 5. Be3 O-O 6. h3 c6 7. Bd3 Nbd7 8. O-O
e5 9. Re1 a6 10. Qd2 Qc7 11. dxe5 Nxe5 12. Nxe5 dxe5 13. Bh6 Rd8 14. Bxg7 Kxg7
15. Qg5 h6 16. Qh4 b5 17. a3 c5 18. a4 b4 19. Nd5 Nxd5 20. exd5 f5 21. Bc4 Qd6
22. Qg3 1-0

[Event "III Miedzynarodowy Memorial Ireny Warakomskiej - Open C"]
[Site "Suwalki"]
[Date "2019.08.12"]
[Round "4.16"]
[White "Wydornik, Robert "]
[Black "Milewski, Mateusz"]
[Result "1-0"]
[WhiteTitle ""]
[BlackTitle ""]
[WhiteElo "1391"]
[BlackElo "1207"]

1. e4 e6 2. d4 d5 3. Nc3 Nf6 4. Bg5 Be7 5. e5 Nfd7 6. h4 Bxg5 7. hxg5 Qxg5 8. Nh3
Qe7 9. Qg4 g6 10. Bd3 Nc6 11. O-O-O b6 12. Nb5 Nf8 13. Qg5 Qd7 14. Qf6 Rg8 15.
Ng5 h5 16. g4 hxg4 17. Rh4 a6 18. Nc3 Bb7 19. Rxg4 Qe7 20. Qf3 Rh8 21. Rdg1 Rh5
22. Ne2 Nh7 23. Qxf7+ Qxf7 24. Nxf7 Nf8 25. Rf4 Ne7 26. Ng3 Rh7 27. Ng5 Rg7 28.
Rf6 Kd7 29. Rh1 Nf5 30. Rh8 Ke7 31. Rfxf8 Rxf8 32. Rxf8 Kxf8 33. Nxe6+ Kf7 34.
Nxf5 gxf5 35. Nxg7 Kxg7 36. Bxf5 c5 37. c3 Kf7 38. Kd2 a5 39. Ke3 Ba6 40. Kf4
Bb7 41. Kg5 Bc6 42. f4 cxd4 43. cxd4 b5 44. Bg6+ Ke7 45. f5 b4 46. f6+ Kf8 47.
e6 a4 48. e7+ Kg8 49. f7+ Kh8 50. f8=Q# 1-0

[Event "III Miedzynarodowy Memorial Ireny Warakomskiej - Open C"]
[Site "Suwalki"]
[Date "2019.08.12"]
[Round "4.17"]
[White "Iracki, Piotr"]
[Black "Pajak, Radoslaw"]
[Result "0-1"]
[WhiteTitle ""]
[BlackTitle ""]
[WhiteElo "1116"]
[BlackElo "1343"]

1. c4 e5 2. Nc3 Nf6 3. Nf3 Nc6 4. g3 Bb4 5. Qc2 Bxc3 6. Qxc3 d6 7. e3 O-O 8. Bg2
Re8 9. O-O Bg4 10. h3 Bd7 11. d4 exd4 12. exd4 Qc8 13. Kh2 Ne7 14. Re1 Ng6 15.
Rxe8+ Bxe8 16. Qe3 Bc6 17. d5 Bd7 18. b3 c6 19. dxc6 bxc6 20. Ba3 d5 21. Bb2 Qd8
22. Rd1 Be6 23. Ng5 Qd7 24. Bxf6 gxf6 25. Nxe6 fxe6 26. h4 Rd8 27. Bh3 f5 28.
h5 Nf8 29. g4 Qd6+ 30. Kg1 Rd7 31. h6 f4 32. Qd2 Ng6 33. Re1 e5 34. Rd1 Nh4 35.
Kf1 d4 36. Ke2 c5 37. a3 Qc6 38. Qd3 e4 39. Qc2 0-1

[Event "III Miedzynarodowy Memorial Ireny Warakomskiej - Open C"]
[Site "Suwalki"]
[Date "2019.08.12"]
[Round "4.18"]
[White "Chomicki, Kornel "]
[Black "Borowik, Karol "]
[Result "1-0"]
[WhiteTitle ""]
[BlackTitle ""]
[WhiteElo "1334"]
[BlackElo "1183"]

1. e4 c5 2. Nc3 d6 3. f4 g6 4. Nf3 Bg7 5. g3 Nc6 6. Bg2 e6 7. d3 Nge7 8. Be3 O-O
9. O-O a6 10. Qd2 Bd7 11. h3 Qa5 12. Nd1 Qxd2 13. Bxd2 Nd4 14. Nxd4 Bxd4+ 15.
Be3 Nc6 16. c3 Bxe3+ 17. Nxe3 b5 18. Rfd1 Ne7 19. Ng4 Kg7 20. e5 d5 21. c4 Bc6
22. Ne3 bxc4 23. dxc4 d4 24. Bxc6 Nxc6 25. Nc2 a5 26. Kf2 Nb4 27. Nxb4 axb4 28.
Rd3 Ra5 29. Ke2 Rfa8 30. a3 h6 31. g4 f6 32. exf6+ Kxf6 33. h4 Kg7 34. Kf3 R8a6
35. Ke4 Kf6 36. g5+ hxg5 37. hxg5+ Kg7 38. Ke5 Kf7 39. Rh3 Kg7 40. Rah1 Ra7 41.
Rh7+ Kf8 42. Rh8+ Ke7 43. R1h7# 1-0

[Event "III Miedzynarodowy Memorial Ireny Warakomskiej - Open C"]
[Site "Suwalki"]
[Date "2019.08.12"]
[Round "4.19"]
[White "Chiszko, Wiktoria"]
[Black "Szewczyk, Malwina"]
[Result "0-1"]
[WhiteTitle ""]
[BlackTitle ""]
[WhiteElo "1046"]
[BlackElo "1330"]

1. e4 c5 2. c3 d5 3. exd5 Qxd5 4. d4 g6 5. Nf3 Bg7 6. g3 Bg4 7. Bg2 Nc6 8. O-O
Qh5 9. Be3 Rd8 10. Re1 cxd4 11. cxd4 Nxd4 12. Bxd4 Bxd4 13. Qa4+ b5 14. Qa3 Bxf3
15. Qxe7+ Nxe7 0-1

[Event "III Miedzynarodowy Memorial Ireny Warakomskiej - Open C"]
[Site "Suwalki"]
[Date "2019.08.12"]
[Round "4.20"]
[White "Szczygiel, Wojciech"]
[Black "Sivickis, Kornelia "]
[Result "1/2-1/2"]
[WhiteTitle ""]
[BlackTitle ""]
[WhiteElo "1313"]
[BlackElo "1101"]

1. d4 d5 2. c4 c6 3. Nc3 e6 4. Nf3 f5 5. Bf4 Bd6 6. Bxd6 Qxd6 7. e3 Nf6 8. Bd3
O-O 9. h3 Ne4 10. Ne5 Nd7 11. Nxd7 Bxd7 12. c5 Qc7 13. Nxe4 fxe4 14. Be2 e5 15.
Bg4 exd4 16. Qxd4 Rad8 17. O-O-O Qa5 18. Kb1 b5 19. cxb6 axb6 20. f3 Bxg4 21.
hxg4 Ra8 22. a3 Qc5 23. Qe5 exf3 24. Qe6+ Rf7 25. gxf3 1/2-1/2

[Event "III Miedzynarodowy Memorial Ireny Warakomskiej - Open C"]
[Site "Suwalki"]
[Date "2019.08.12"]
[Round "4.21"]
[White "Sprzeczka, Emilia"]
[Black "Bednarski, Pawel "]
[Result "1/2-1/2"]
[WhiteTitle ""]
[BlackTitle ""]
[WhiteElo "1276"]
[BlackElo "1135"]

1. e4 e5 2. Nf3 Nc6 3. Nc3 Nf6 4. d4 exd4 5. Nxd4 Nxd4 6. Qxd4 d6 7. Bg5 Be7 8.
Bd3 O-O 9. O-O Be6 10. f4 h6 11. Bh4 c5 12. Qa4 a6 13. b4 b5 14. Qa3 cxb4 15.
Qxb4 d5 16. Qd4 dxe4 17. Qxd8 Bxd8 18. Nxe4 Bb6+ 19. Kh1 Nxe4 20. Bxe4 Rac8 21.
Bf2 Bxf2 22. Rxf2 Rc3 23. a4 bxa4 24. Rxa4 Re3 25. h3 Bd7 26. Rd4 Bb5 27. Bd3
Bxd3 28. cxd3 Re6 29. Ra2 Rb8 30. Rd7 Rbb6 31. Rc2 Rf6 32. Rc8+ Kh7 33. Rcc7 Rxf4
34. Rxf7 Rxf7 35. Rxf7 Rd6 36. Ra7 Kg6 37. Kg1 Kf6 38. Kf2 g6 39. Ke3 Ke5 40.
g3 Kd5 41. d4 Kc4 42. Rc7+ Kd5 43. Rc5+ Ke6 44. Re5+ Kf6 45. Kd3 Rc6 46. g4 Rb6
47. h4 Rb5 48. Re4 h5 49. g5+ Kf5 50. Re1 Kg4 51. Re4+ Kf5 52. Re1 1/2-1/2

[Event "III Miedzynarodowy Memorial Ireny Warakomskiej - Open C"]
[Site "Suwalki"]
[Date "2019.08.12"]
[Round "4.22"]
[White "Olszewski, Piotr "]
[Black "Walendykiewicz, Martyna"]
[Result "1/2-1/2"]
[WhiteTitle ""]
[BlackTitle ""]
[WhiteElo "1125"]
[BlackElo "1253"]

1. e4 e5 2. Nf3 Nf6 3. Nxe5 d6 4. Nf3 Nxe4 5. Nc3 Nxc3 6. dxc3 Be7 7. Be3 Bg4 8.
Be2 Nc6 9. Qd2 Qd7 10. O-O-O O-O-O 11. Nd4 Bxe2 12. Qxe2 Kb8 13. Rhe1 Bf6 14.
Qd2 Nxd4 15. Bxd4 Bxd4 16. Qxd4 f6 17. Re3 Qf7 18. b3 Rhg8 19. Rde1 Rge8 20. Rxe8
Rxe8 21. Rxe8+ Qxe8 22. Kd2 Qg6 23. Qe3 a6 24. g3 Qf7 25. c4 Qd7 26. h4 Qf5 27.
f3 Qd7 28. g4 Qf7 29. Qe4 g6 30. Ke3 Qg7 31. h5 Qh6+ 32. f4 Qg7 33. f5 gxf5 34.
Qxf5 Qe7+ 35. Kf4 Qe5+ 36. Qxe5 dxe5+ 37. Kf5 h6 38. Kxf6 e4 39. g5 e3 40. gxh6
e2 41. h7 e1=Q 42. h8=Q+ Ka7 43. Qh7 Qc3+ 44. Kf7 Qf3+ 45. Kg8 Qg4+ 46. Kh8 Qd4+
47. Qg7 Qd8+ 48. Kh7 Qd2 49. h6 Qxc2+ 50. Kg8 Qd3 51. h7 Qd8+ 52. Kf7 Qd7+ 53.
Kf6 Qd4+ 54. Kf7 Qd7+ 55. Kg8 Qd8+ 56. Qf8 Qg5+ 57. Qg7 Qd8+ 58. Kf7 Qd7+ 59.
Kg6 Qg4+ 1/2-1/2

[Event "III Miedzynarodowy Memorial Ireny Warakomskiej - Open C"]
[Site "Suwalki"]
[Date "2019.08.12"]
[Round "4.24"]
[White "Dunda, Szymon"]
[Black "Gladyszewska, Kinga"]
[Result "1-0"]
[WhiteTitle ""]
[BlackTitle ""]
[WhiteElo "1106"]
[BlackElo "1235"]

1. e4 c5 2. Nf3 Nc6 3. d4 cxd4 4. Nxd4 Nf6 5. Nc3 g6 6. Be3 Bg7 7. f4 d6 8. Bc4
O-O 9. h3 Qc7 10. Bb3 Nxd4 11. Bxd4 e5 12. Be3 Re8 13. Qf3 Be6 14. Bxe6 Rxe6 15.
O-O-O Rc8 16. f5 Ree8 17. Bg5 Rf8 18. Rd2 a6 19. Kb1 Qb6 20. Bxf6 Bxf6 21. Nd5
Qd8 22. Nxf6+ Qxf6 23. h4 h5 24. g4 hxg4 25. Qxg4 Kg7 26. Rg2 Rh8 27. fxg6 fxg6
28. h5 Rcd8 29. Rhg1 Rh6 30. Rg3 g5 31. Rf3 Qe7 32. Rf5 Kh7 33. Rxg5 Kh8 34. Rg8+
Rxg8 35. Qxg8# 1-0

[Event "III Miedzynarodowy Memorial Ireny Warakomskiej - Open C"]
[Site "Suwalki"]
[Date "2019.08.12"]
[Round "4.28"]
[White "Zapalowska, Wiktoria "]
[Black "Gres, Rafal"]
[Result "1-0"]
[WhiteTitle ""]
[BlackTitle ""]
[WhiteElo "1103"]
[BlackElo "1214"]

1. e4 e5 2. Nf3 Nc6 3. Bb5 a6 4. Ba4 b5 5. Bb3 Bc5 6. O-O Nf6 7. Nc3 d6 8. h3 Na5
9. Ne2 Nxb3 10. axb3 O-O 11. d3 h6 12. Ng3 Re8 13. Re1 c6 14. c3 Be6 15. b4 Bb6
16. b3 Qc8 17. c4 Rd8 18. Bb2 c5 19. bxc5 Bxc5 20. Qe2 b4 21. d4 exd4 22. Bxd4
Bxd4 23. Nxd4 Bd7 24. Ngf5 Qc5 25. Qe3 Bxf5 26. Nxf5 Qc6 27. Ne7+ Kf8 28. Nxc6
Rdc8 29. Nxb4 Re8 30. f3 Rab8 31. Rxa6 Rxb4 32. Rxd6 Reb8 33. Qc5 Kg8 34. Rd8+
Kh7 35. Rxb8 Rxb8 36. Rb1 g6 37. Qd6 1-0

[Event "III Miedzynarodowy Memorial Ireny Warakomskiej - Open C"]
[Site "Suwalki"]
[Date "2019.08.12"]
[Round "4.29"]
[White "Sivickis, Andrejus "]
[Black "Galaszewski, Karol "]
[Result "1-0"]
[WhiteTitle ""]
[BlackTitle ""]
[WhiteElo "1206"]
[BlackElo "1108"]

1. e4 e6 2. d4 d5 3. Nd2 c5 4. c3 Nd7 5. Ngf3 Nh6 6. Bb5 a6 7. Ba4 b5 8. Bb3 c4
9. Bc2 Bb7 10. O-O dxe4 11. Nxe4 Nf5 12. Bf4 Nf6 13. Nxf6+ Qxf6 14. Be5 Qg6 15.
Re1 Rd8 16. Bg3 Bd6 17. Nh4 Qg5 18. Nxf5 O-O 19. Nxd6 Bc6 20. Ne4 Qd5 21. f3 h6
22. Nc5 a5 23. Be4 Qd6 24. Bxd6 Rxd6 25. Bxc6 Rxc6 26. Re5 Re8 27. Qe2 Rd8 28.
Nxe6 fxe6 29. Rxe6 Rxe6 30. Qxe6+ Kh8 31. Qb6 b4 32. Qxd8+ Kh7 1-0

[Event "III Miedzynarodowy Memorial Ireny Warakomskiej - Open C"]
[Site "Suwalki"]
[Date "2019.08.12"]
[Round "5.1"]
[White "Czarniecki, Pawel"]
[Black "Chomicki, Kornel "]
[Result "1-0"]
[WhiteTitle ""]
[BlackTitle ""]
[WhiteElo "1570"]
[BlackElo "1334"]

1. e4 e5 2. Nf3 Nc6 3. d4 exd4 4. Nxd4 Bc5 5. Be3 Qf6 6. c3 b6 7. Bc4 Bb7 8. f3
Nge7 9. O-O O-O-O 10. b4 Bxd4 11. Bxd4 Nxd4 12. cxd4 d5 13. e5 Qe6 14. Bb5 a6
15. Ba4 Nf5 1-0

[Event "III Miedzynarodowy Memorial Ireny Warakomskiej - Open C"]
[Site "Suwalki"]
[Date "2019.08.12"]
[Round "5.2"]
[White "Konewko, Konrad"]
[Black "Oborska, Magda "]
[Result "1-0"]
[WhiteTitle ""]
[BlackTitle ""]
[WhiteElo "1544"]
[BlackElo "1422"]

1. d4 d5 2. c4 e6 3. Nf3 Nf6 4. Bg5 Nc6 5. e3 Be7 6. Nc3 O-O 7. a3 b6 8. cxd5 Nxd5
9. Nxd5 Qxd5 10. Bxe7 Nxe7 11. Rc1 c6 12. Bc4 Qf5 13. O-O Bb7 14. Qe2 a5 15. e4
Qf4 16. g3 Qh6 17. Ne5 Rfd8 18. Rfd1 b5 19. Ba2 Rxd4 20. Qf3 Rf8 21. Rxd4 Qxc1+
22. Rd1 Qxb2 23. Qxf7+ Rxf7 24. Rd8+ Rf8 25. Bxe6+ Kh8 26. Rxf8+ Ng8 27. Nf7#
1-0

[Event "III Miedzynarodowy Memorial Ireny Warakomskiej - Open C"]
[Site "Suwalki"]
[Date "2019.08.12"]
[Round "5.4"]
[White "Pieczulis, Blazej"]
[Black "Arciszewska, Zuzanna "]
[Result "0-1"]
[WhiteTitle ""]
[BlackTitle ""]
[WhiteElo "1439"]
[BlackElo "1499"]

1. d4 Nf6 2. c4 e6 3. Nc3 Bb4 4. Qc2 b6 5. Bg5 h6 6. Bh4 Bb7 7. f3 d6 8. e3 Nbd7
9. Bd3 O-O 10. Nge2 c5 11. a3 Bxc3+ 12. Nxc3 Qc7 13. O-O a6 14. Rfd1 Rac8 15.
Rac1 Rfe8 16. Bg3 cxd4 17. exd4 e5 18. dxe5 dxe5 19. b4 Rcd8 20. Rd2 Nh5 21. Bh4
Ndf6 22. Rcd1 Nf4 23. Bh7+ Kh8 24. Rxd8 Rxd8 25. Bxf6 gxf6 26. Rxd8+ Qxd8 27.
Be4 Qd4+ 28. Qf2 Qxc3 29. Bxb7 Qxc4 30. h3 Ne2+ 31. Kh2 Nd4 32. Qe3 Kg7 33. Qf2
a5 34. bxa5 bxa5 35. Qg3+ Kh7 36. Be4+ f5 37. Bb1 Qe6 38. Qe1 Qd5 39. Qc3 Kg6
40. a4 Ne2 41. Bxf5+ Kf6 42. Qc2 Nd4 43. Be4 Nxc2 44. Bxd5 Ne3 45. Bb3 Ke7 46.
g4 f5 47. Kg3 Kf6 48. Kf2 f4 49. h4 Kg6 50. h5+ Kg5 51. Be6 Nd1+ 52. Ke1 Nc3 53.
Bb3 e4 54. Kd2 Nb1+ 55. Ke2 exf3+ 56. Kxf3 Nd2+ 0-1

[Event "III Miedzynarodowy Memorial Ireny Warakomskiej - Open C"]
[Site "Suwalki"]
[Date "2019.08.12"]
[Round "5.5"]
[White "Sapinski, Sebastian"]
[Black "Hancharevich, Heorhi "]
[Result "1/2-1/2"]
[WhiteTitle ""]
[BlackTitle ""]
[WhiteElo "1495"]
[BlackElo "1360"]

1. e4 e5 2. Nf3 Nc6 3. Bb5 a6 4. Bxc6 dxc6 5. O-O Bg4 6. h3 Bxf3 7. Qxf3 Qf6 8.
d3 Qxf3 9. gxf3 Bd6 10. Be3 Ne7 11. Nd2 Ng6 12. Kh1 O-O 13. Rg1 f5 14. Bg5 f4
15. Rg2 Kf7 16. Rag1 Rg8 17. Nc4 h6 18. Nxd6+ cxd6 19. Be7 1/2-1/2

[Event "III Miedzynarodowy Memorial Ireny Warakomskiej - Open C"]
[Site "Suwalki"]
[Date "2019.08.12"]
[Round "5.6"]
[White "Ptaszynski, Szymon "]
[Black "Bartnik, Michal"]
[Result "1-0"]
[WhiteTitle ""]
[BlackTitle ""]
[WhiteElo "1484"]
[BlackElo "1210"]

1. c4 Nf6 2. g3 d5 3. cxd5 Nxd5 4. Bg2 g6 5. Nc3 Nb6 6. d3 Bg7 7. Nf3 O-O 8. O-O
e5 9. Be3 Nc6 10. Qd2 Re8 11. Bh6 Kh8 12. Ne4 Nd5 13. Nc3 Nde7 14. Bg5 Qd7 15.
Bxe7 Qxe7 16. Qc2 Rb8 17. Rac1 Qd8 18. a3 a6 19. Rfd1 h6 20. e3 Be6 21. h3 Qc8
22. Nd2 g5 23. Nb3 b6 24. Nd5 Bxd5 25. Bxd5 Na7 26. Bg2 a5 27. Nd2 1-0

[Event "III Miedzynarodowy Memorial Ireny Warakomskiej - Open C"]
[Site "Suwalki"]
[Date "2019.08.12"]
[Round "5.7"]
[White "Kitewski, Bartosz"]
[Black "Stefaniuk, Zbigniew"]
[Result "1-0"]
[WhiteTitle ""]
[BlackTitle ""]
[WhiteElo "1479"]
[BlackElo "1467"]

1. d4 d5 2. c4 e6 3. Nc3 a6 4. cxd5 exd5 5. Nf3 Nf6 6. Bg5 Be6 7. e3 Nbd7 8. Bd3
h6 9. Bh4 g5 10. Bg3 Nh5 11. Be5 Ng7 12. Qc2 Nxe5 13. Nxe5 Bd6 14. O-O-O c5 15.
Qe2 Rc8 16. Kb1 O-O 17. g4 Qf6 18. h4 gxh4 19. f4 cxd4 20. exd4 Qxf4 21. Rxh4
Be7 22. Rhh1 Bg5 23. Rhf1 Qe3 24. Qg2 Kh8 25. Bc2 Be7 26. Nxd5 Bxd5 27. Qxd5 Rxc2
28. Kxc2 Qe2+ 29. Kb1 Ne6 30. Qc4 Qe4+ 31. Qd3 Qxd3+ 32. Rxd3 Kg8 33. d5 Bd6 34.
dxe6 Bxe5 35. Rdf3 f6 36. Rb3 b5 37. Ra3 Ra8 38. Rd1 Kf8 39. Rd7 Ke8 40. Rh3 Bf4
41. Rh7 Rd8 42. Rc3 b4 43. Rcc7 Rd1+ 44. Kc2 Rd2+ 45. Kb3 Rd3+ 46. Ka4 1-0

[Event "III Miedzynarodowy Memorial Ireny Warakomskiej - Open C"]
[Site "Suwalki"]
[Date "2019.08.12"]
[Round "5.8"]
[White "Szewczyk, Malwina"]
[Black "Tomicki, Marek "]
[Result "0-1"]
[WhiteTitle ""]
[BlackTitle ""]
[WhiteElo "1330"]
[BlackElo "1471"]

1. d4 d5 2. Nf3 Nf6 3. e3 e6 4. Bd3 Nbd7 5. Nbd2 b6 6. b3 Bb7 7. Bb2 Be7 8. O-O
O-O 9. Ne5 c5 10. f4 cxd4 11. exd4 Rc8 12. Rf3 Ne4 13. Bxe4 dxe4 14. Rh3 f5 15.
Nxd7 Qxd7 16. Qh5 h6 17. Nc4 Bf6 18. Rd1 Bd5 19. Ba3 Rfd8 20. Ne3 Bb7 21. d5 Qf7
22. Qxf7+ Kxf7 23. Nc4 exd5 24. Nd6+ Rxd6 25. Bxd6 Rxc2 26. a4 d4 27. Bb8 d3 28.
Bxa7 Bd4+ 29. Kf1 e3 30. Rxe3 Bxe3 0-1

[Event "III Miedzynarodowy Memorial Ireny Warakomskiej - Open C"]
[Site "Suwalki"]
[Date "2019.08.12"]
[Round "5.9"]
[White "Fudala, Dominik"]
[Black "Wydornik, Robert "]
[Result "1-0"]
[WhiteTitle ""]
[BlackTitle ""]
[WhiteElo "1470"]
[BlackElo "1391"]

1. e4 c5 2. Nf3 d6 3. d4 cxd4 4. Nxd4 Nf6 5. Nc3 g6 6. Be2 Bg7 7. Be3 O-O 8. Qd2
Ng4 9. Bxg4 Bxg4 10. f3 Bd7 11. Bh6 Nc6 12. Bxg7 Kxg7 13. O-O-O Qb6 14. Nd5 Qxd4
15. Qxd4+ Nxd4 16. Rxd4 e6 17. Nc3 Bc6 18. Rxd6 Kf6 19. Rd3 Rad8 20. Rhd1 Rxd3
21. Rxd3 g5 22. b4 a6 23. a4 Ke7 24. Kb2 h5 25. Kb3 g4 26. b5 Bd7 27. f4 Rc8 28.
Rd4 f6 29. Kb4 a5+ 30. Kb3 b6 31. f5 h4 32. e5 fxe5 33. f6+ Ke8 34. Rxg4 h3 35.
gxh3 Kf8 36. Ne4 Be8 37. Rg5 Rd8 38. Rxe5 Rd1 39. Nc3 Rd2 40. Re2 Rd4 41. Ne4
Bg6 42. Ng5 Rd6 43. Kb2 Bf5 44. c3 Rd3 45. Nxe6+ Bxe6 46. Rxe6 Rxh3 47. Rxb6 Rxh2+
48. Kb3 Kf7 49. Ra6 Rh1 50. Rxa5 Kxf6 51. Ra8 Ke6 52. Rc8 Kd7 53. Rc6 Ra1 54.
Kb4 1-0

[Event "III Miedzynarodowy Memorial Ireny Warakomskiej - Open C"]
[Site "Suwalki"]
[Date "2019.08.12"]
[Round "5.10"]
[White "Wojdak, Karol"]
[Black "Sivickis, Andrejus "]
[Result "0-1"]
[WhiteTitle ""]
[BlackTitle ""]
[WhiteElo "1457"]
[BlackElo "1206"]

1. e4 c5 2. Nf3 e6 3. d4 cxd4 4. Nxd4 a6 5. Nc3 Qc7 6. Be3 Nf6 7. Bd3 b5 8. f3
Bb7 9. Qd2 Nc6 10. O-O Be7 11. Nxc6 Bxc6 12. Ne2 d5 13. exd5 Bxd5 14. Rac1 O-O
15. a3 Rfd8 16. Qe1 Bd6 17. Qh4 Bc5 18. Bxc5 Qxc5+ 19. Kh1 Rac8 20. Nc3 Bc4 21.
Bxc4 Qxc4 22. Qxc4 Rxc4 23. Rcd1 Rcd4 24. Rxd4 Rxd4 25. Rd1 Rxd1+ 26. Nxd1 Nd5
27. Kg1 Kf8 28. Kf2 Ke7 29. Ke2 Kd6 30. g3 f5 31. h4 g6 32. f4 Nf6 33. c4 Ne4
0-1

[Event "III Miedzynarodowy Memorial Ireny Warakomskiej - Open C"]
[Site "Suwalki"]
[Date "2019.08.12"]
[Round "5.11"]
[White "Gladyszewski, Adam "]
[Black "Kieca, Aleksandra"]
[Result "0-1"]
[WhiteTitle ""]
[BlackTitle ""]
[WhiteElo "1216"]
[BlackElo "1453"]

1. d4 d5 2. c4 e6 3. Nc3 a6 4. cxd5 exd5 5. Nf3 Be7 6. a3 c6 7. e3 Nf6 8. Bd3 O-O
9. O-O Bg4 10. Be2 Qc7 11. Ne5 Bxe2 12. Qxe2 Nbd7 13. f4 Rfe8 14. b4 Nb6 15. Rb1
Nfd7 16. Qc2 f6 17. Nxd7 Qxd7 18. Qd3 Rad8 19. a4 Qe6 20. Re1 Bd6 21. b5 axb5
22. axb5 Bxf4 23. Bd2 Bc7 24. bxc6 bxc6 25. Ne2 Nc4 26. Ng3 Bxg3 27. hxg3 Qg4
28. Kf2 Re4 29. Rbc1 Rde8 30. Rxc4 dxc4 31. Qxc4+ Qe6 32. Qxe6+ R4xe6 33. Rc1
f5 34. Kf3 g6 35. Kf4 Rb8 36. Kf3 Rb2 37. Be1 Rb3 38. Rc3 Rxc3 39. Bxc3 Re4 40.
Bb4 Kf7 41. Bd6 Kf6 42. Bc7 Ke6 43. Bf4 Kd5 44. g4 fxg4+ 45. Kxg4 Re7 46. Kg5
Rf7 47. g3 Ke4 48. Kh4 Kf5 49. Bh6 0-1